Memòria : Viu el Parc : Parc Natural de Sant Llorenç del Munt i l'Obac Viu el Parc : Parc Natural de Sant Llorenç del Munt i l'Obac
Descripción Física:
Volums : il·lustracions ; 30 cm
Colección:
Viu el Parc!
Materias:
Parc Natural de Sant Llorenç del Munt i l'Obac (Catalunya)
; Barcelona (Catalunya : Província). -- Diputació -- Revistes
; Parcs naturals -- Barcelona (Catalunya : Província) -- Revistes
Idioma:
Catalán
MARC
| LEADER | 00000nam a2200000Ia 4500 | ||
|---|---|---|---|
| 001 | 15991, 21019, 18511, 19917, 20899, 22597, 26079 | ||
| 003 | Arxiu | ||
| 005 | 20260324181054.0 | ||
| 008 | 160829m2001 spca xx s cat c | ||
| 040 | |a AGDB | ||
| 080 | |a C-2-329, C-3-138, C-2-195, C-3-67, C-3-124, C-3-287 | ||
| 080 | |a Bib-719 | ||
| 110 | 1 | |a Parc Natural de Sant Llorenç del Munt i l'Obac (Catalunya) |9 10145 | |
| 245 | |a Memòria : |b Viu el Parc : Parc Natural de Sant Llorenç del Munt i l'Obac | ||
| 260 | |a [Barcelona] : |b Diputació Barcelona. Xarxa de Municipis : |b L'anella Verda, |c 2001- | ||
| 300 | |a Volums : |b il·lustracions ; |c 30 cm | ||
| 310 | |a Anual | ||
| 490 | 1 | |a Viu el Parc! | |
| 590 | |a A partir de 2005, canvia l'editorial: Parc Natural de Sant Llorenç del Munt i l'Obac i Gerència Fusic. | ||
| 590 | |a A partir de 2009, el títol varia: Memòria : Viu el Parc : Sant Llorenç del Munt i l'Obac : d'abril a juliol. | ||
| 610 | 1 | 0 | |a Parc Natural de Sant Llorenç del Munt i l'Obac (Catalunya) |9 10145 |
| 610 | 1 | 0 | |a Barcelona (Catalunya : Província). |9 54166 |b Diputació |v Revistes |
| 650 | 0 | |9 53491 |a Parcs naturals |z Barcelona (Catalunya : Província) |v Revistes | |
| 710 | 1 | |a Barcelona (Catalunya : Província). |b Xarxa de Parcs Naturals |9 7250 | |
| 710 | 1 | |a Barcelona (Catalunya : Província). |b Gerència de Serveis d’Espais Naturals |9 52730 | |
| 710 | 1 | |a Barcelona (Catalunya : Província). |b Diputació |9 52408 | |
| 830 | 0 | |9 55831 |a Viu el Parc! | |
| 866 | |a 2001, 2005, 2006, 2007 (16a ed.), 2008 (17a ed.), 2009 (18a ed.), 2012 (21a ed.) | ||
| 901 | |a Arxiu | ||
| 942 | |n 1 |2 udc |c ARXIU | ||
| 952 | |0 0 |1 0 |4 0 |6 C367_C3124_C3287 |7 1 |9 55086 |a Arxiu |b Arxiu |d 2016-12-01 |o C-3-67, C-3-124, C-3-287 |r 2016-12-01 00:00:00 |w 2016-12-01 |y ARXIU | ||
| 952 | |0 0 |1 0 |4 0 |7 1 |9 62560 |a Arxiu |b Arxiu |d 2022-06-29 |h 21a edició (2012) |o Bib-719 |p 26079 |r 2022-06-29 00:00:00 |w 2022-06-29 |y ARXIU | ||
| 952 | |0 0 |1 0 |4 0 |6 C3287 |7 1 |9 65532 |a Arxiu |b Arxiu |d 2023-03-07 |h 18a edició (2009) |l 0 |o C-3-287 |p 22597 |r 2023-03-07 00:00:00 |w 2023-03-07 |y ARXIU | ||
| 952 | |0 0 |1 0 |4 0 |7 1 |9 65543 |a Arxiu |b Arxiu |d 2023-03-08 |h 15a edició (2006) |o C-2-195 |p 18511 |r 2023-03-08 00:00:00 |w 2023-03-08 |y ARXIU | ||
| 952 | |0 0 |1 0 |4 0 |6 C3138 |7 1 |9 65568 |a Arxiu |b Arxiu |d 2023-03-08 |h 14a edició (2005) |l 0 |o C-3-138 |p 21019 |r 2023-03-08 00:00:00 |w 2023-03-08 |y ARXIU | ||
| 952 | |0 0 |1 0 |4 0 |7 1 |9 65605 |a Arxiu |b Arxiu |d 2023-03-14 |h 10a edició (2001) |o C-2-329 |p 15991 |r 2023-03-14 00:00:00 |w 2023-03-14 |y ARXIU | ||
| 999 | |c 58958 |d 58958 | ||